| 000 | 00406nam a2200157Ia 4500 | ||
|---|---|---|---|
| 005 | 20251020182558.0 | ||
| 008 | 200515s9999 xx 000 0 und d | ||
| 082 | _aSC/331(001.2)/P45 | ||
| 110 | _aDirección de Calificación Profesional Extraordinaria | ||
| 245 | 0 | _aManual de análisis ocupacional | |
| 260 | _aLima | ||
| 260 | _c1976 | ||
| 300 | _a87 | ||
| 650 | _aANALISIS OCUPACIONAL | ||
| 942 | _cLIB | ||
| 999 |
_c2970 _d2970 |
||